Empare(dar) (Registo nº 201595)
[ vista simples ]
| 000 -Etiqueta do registo | |
|---|---|
| Valores | 00612nam 22001933 4500 |
| 100 ## - Dados gerais de processamento | |
| Dados gerais | 20260331d u||y0pory50 ba |
| 200 ## - Titulo e menção de responsabilidade | |
| Título próprio | Empare(dar) |
| Primeira menção de responsabilidade | Manuel Cintra |
| 210 ## - Publicação | |
| Local de publicação | Lisboa |
| Nome do editor | & etc |
| Data de publicação | imp. 1984 |
| 215 ## - Descrição física | |
| Paginação / Volumes | 23, [4] p. |
| Outras indicações físicas | il. ; brochado |
| Dimensões | 18 cm |
| 225 ## - Colecção | |
| Título próprio da colecção | Subterrâneo três |
| 300 ## - Notas gerais | |
| Texto da nota | Contém dedicatória do Manuel Cintra e tem algumas notas do Prof. Dr. Almeida Faria |
| 606 ## - Nome comum usado como assunto | |
| ID Autoridade | 6 |
| Palavra de ordem | Literatura Portuguesa |
| 675 ## - CDU | |
| Notação | 821.134.3-3 |
| Edição | PT |
| Língua | por |
| 700 ## - Autor principal (pessoa individual) | |
| ID Autoridade | 12782 |
| Apelido | Cintra |
| Nome | Manuel |
| Datas | 1956-2020 |
| 801 ## - Fonte de origem | |
| País | PT |
| Agência | BMMN |
| Regras de catalogação | RPC |
| 830 ## - Notas gerais do catalogador | |
| Criado por | Ana Falardo |
| Indexado por | Ana Falardo |
| 990 ## - Elementos KOHA | |
| Tipo de documento | Livro |
| Situação do levantamento | Biblioteca de origem | Código de barras | Cota | Permissão de empréstimo | Tipo de documento | Nota relativa ao exemplar | Forma de aquisição |
|---|---|---|---|---|---|---|---|
| Biblioteca Municipal de Montemor-o-Novo | 30944 | 821.134.3-3 CIN|SAF | Livro | Acesso Condicionado | Oferta |